[Event "DVM U16 2023"]
[Site "Magdeburg GER"]
[Date "2023.12.29"]
[Round "5"]
[White "Shtompel, Yuriy"]
[Black "Prieb, Robert"]
[Result "1-0"]
[Termination "normal"]
[Board "2.2"]
[BlackTitle "CM"]
[WhiteElo "2072"]
[BlackElo "2055"]
[WhiteClock "00:25:31"]
[BlackClock "00:36:08"]
[WhiteTeam "SK Doppelbauer Kiel 1910"]
[BlackTeam "SF Brackel 1930"]
[PlyCount "89"]
[WhiteFideId "14168278"]
[BlackFideId "16212002"]
[EventCountry "GER"]
[EventRounds "7"]
[EventType "team-swiss"]
[EventDate "2023.12.26"]

1. e4 {[%clk 01:30:57]} {[%emt 00:00:02]} e6 {[%clk 01:30:48]} {[%emt
00:00:11]} 2. d4 {[%clk 01:31:21]} {[%emt 00:00:07]} d5 {[%clk 01:31:08]}
{[%emt 00:00:09]} 3. e5 {[%clk 01:31:45]} {[%emt 00:00:07]} c5 {[%clk
01:31:17]} {[%emt 00:00:20]} 4. c3 {[%clk 01:31:58]} {[%emt 00:00:18]} Nc6
{[%clk 01:31:28]} {[%emt 00:00:18]} 5. Nf3 {[%clk 01:32:02]} {[%emt 00:00:27]}
Bd7 {[%clk 01:31:32]} {[%emt 00:00:26]} 6. Bd3 {[%clk 01:28:56]} {[%emt
00:03:35]} f6 {[%clk 01:30:51]} {[%emt 00:01:11]} 7. O-O {[%clk 01:24:01]}
{[%emt 00:05:25]} fxe5 {[%clk 01:30:43]} {[%emt 00:00:39]} 8. Nxe5 {[%clk
01:23:30]} {[%emt 00:01:01]} Nxe5 {[%clk 01:30:52]} {[%emt 00:00:20]} 9. dxe5
{[%clk 01:23:53]} {[%emt 00:00:08]} Ne7 {[%clk 01:29:59]} {[%emt 00:01:23]} 10.
Bg5 {[%clk 01:18:15]} {[%emt 00:06:07]} Qb6 {[%clk 01:20:45]} {[%emt 00:09:44]}
11. c4 {[%clk 00:55:38]} {[%emt 00:23:07]} Qxb2 {[%clk 01:09:58]} {[%emt
00:11:17]} 12. Nd2 {[%clk 00:53:00]} {[%emt 00:03:09]} O-O-O {[%clk 01:06:29]}
{[%emt 00:03:58]} 13. Rb1 {[%clk 00:39:54]} {[%emt 00:13:37]} Qxe5 {[%clk
01:01:01]} {[%emt 00:05:58]} 14. Nf3 {[%clk 00:23:58]} {[%emt 00:16:26]} Qd6
{[%clk 00:55:42]} {[%emt 00:05:48]} 15. Qe2 {[%clk 00:22:06]} {[%emt 00:02:22]}
Nc6 {[%clk 00:41:55]} {[%emt 00:14:17]} 16. Bxd8 {[%clk 00:21:08]} {[%emt
00:01:29]} Nxd8 {[%clk 00:42:12]} {[%emt 00:00:13]} 17. Ne5 {[%clk 00:16:02]}
{[%emt 00:05:36]} Be7 {[%clk 00:39:56]} {[%emt 00:02:46]} 18. Rfe1 {[%clk
00:07:04]} {[%emt 00:09:28]} Bf6 {[%clk 00:37:50]} {[%emt 00:02:35]} 19. Nxd7
{[%clk 00:06:14]} {[%emt 00:01:21]} Kxd7 {[%clk 00:37:24]} {[%emt 00:00:55]}
20. Qg4 {[%clk 00:04:33]} {[%emt 00:02:11]} d4 {[%clk 00:34:43]} {[%emt
00:03:11]} 21. f4 {[%clk 00:03:08]} {[%emt 00:01:55]} g6 {[%clk 00:31:58]}
{[%emt 00:03:15]} 22. Re2 {[%clk 00:01:59]} {[%emt 00:01:40]} Rf8 {[%clk
00:30:22]} {[%emt 00:02:05]} 23. Qh3 {[%clk 00:01:41]} {[%emt 00:00:49]} Rf7
{[%clk 00:30:06]} {[%emt 00:00:46]} 24. Qf3 {[%clk 00:01:31]} {[%emt 00:00:40]}
Kc7 {[%clk 00:27:40]} {[%emt 00:02:55]} 25. g3 {[%clk 00:01:28]} {[%emt
00:00:33]} Bg7 {[%clk 00:24:41]} {[%emt 00:03:29]} 26. Qe4 {[%clk 00:00:32]}
{[%emt 00:01:26]} Re7 {[%clk 00:23:04]} {[%emt 00:02:07]} 27. Qf3 {[%clk
00:00:34]} {[%emt 00:00:29]} Kb8 {[%clk 00:19:01]} {[%emt 00:04:33]} 28. Be4
{[%clk 00:00:36]} {[%emt 00:00:27]} b6 {[%clk 00:17:05]} {[%emt 00:02:27]} 29.
a4 {[%clk 00:00:41]} {[%emt 00:00:25]} Nb7 {[%clk 00:15:55]} {[%emt 00:01:39]}
30. Bxb7 {[%clk 00:00:45]} {[%emt 00:00:27]} Rxb7 {[%clk 00:16:22]} {[%emt
00:00:03]} 31. a5 {[%clk 00:00:45]} {[%emt 00:00:30]} Bf6 {[%clk 00:09:26]}
{[%emt 00:07:25]} 32. Kg2 {[%clk 00:00:33]} {[%emt 00:00:43]} Bd8 {[%clk
00:09:13]} {[%emt 00:00:42]} 33. a6 {[%clk 00:00:39]} {[%emt 00:00:25]} Rc7
{[%clk 00:08:06]} {[%emt 00:01:37]} 34. Rbe1 {[%clk 00:00:51]} {[%emt
00:00:18]} Qc6 {[%clk 00:08:04]} {[%emt 00:00:31]} 35. Rxe6 {[%clk 00:00:55]}
{[%emt 00:00:27]} Qxf3+ {[%clk 00:08:24]} {[%emt 00:00:09]} 36. Kxf3 {[%clk
00:01:21]} {[%emt 00:00:04]} Kc8 {[%clk 00:08:30]} {[%emt 00:00:25]} 37. Ke4
{[%clk 00:00:36]} {[%emt 00:01:15]} Re7 {[%clk 00:07:30]} {[%emt 00:01:30]} 38.
Rxe7 {[%clk 00:00:47]} {[%emt 00:00:20]} Bxe7 {[%clk 00:07:57]} {[%emt
00:00:01]} 39. Kd5 {[%clk 00:00:42]} {[%emt 00:00:35]} Kd7 {[%clk 00:07:35]}
{[%emt 00:00:53]} 40. Re6 {[%clk 00:00:34]} {[%emt 00:00:38]} Bd8 {[%clk
00:06:59]} {[%emt 00:01:05]} 41. Rd6+ {[%clk 00:00:50]} {[%emt 00:00:14]} Kc7
{[%clk 00:06:42]} {[%emt 00:00:47]} 42. Ke6 {[%clk 00:01:01]} {[%emt 00:00:19]}
Bf6 {[%clk 00:06:12]} {[%emt 00:01:00]} 43. Rd7+ {[%clk 00:28:06]} {[%emt
00:03:25]} Kc6 {[%clk 00:36:12]} {[%emt 00:00:30]} 44. Rxa7 {[%clk 00:25:25]}
{[%emt 00:03:11]} d3 {[%clk 00:36:08]} {[%emt 00:00:34]} 45. Rd7 {[%clk
00:25:31]} {[%emt 00:00:25]} 1-0

[Event "DVM U16 2023"]
[Site "Magdeburg GER"]
[Date "2023.12.29"]
[Round "5"]
[White "Tomasjan, Samuel"]
[Black "Vollbehr, Bjarne"]
[Result "0-1"]
[Termination "normal"]
[Board "2.3"]
[WhiteElo "1955"]
[BlackElo "1949"]
[WhiteClock "00:03:27"]
[BlackClock "00:11:55"]
[WhiteTeam "SF Brackel 1930"]
[BlackTeam "SK Doppelbauer Kiel 1910"]
[PlyCount "84"]
[WhiteFideId "16235584"]
[BlackFideId "34606025"]
[EventCountry "GER"]
[EventRounds "7"]
[EventType "team-swiss"]
[EventDate "2023.12.26"]

1. e4 {[%clk 01:30:58]} {[%emt 00:00:01]} e5 {[%clk 01:30:55]} {[%emt
00:00:05]} 2. f4 {[%clk 01:31:23]} {[%emt 00:00:05]} exf4 {[%clk 01:30:26]}
{[%emt 00:00:59]} 3. Nf3 {[%clk 01:31:48]} {[%emt 00:00:05]} Nf6 {[%clk
01:30:00]} {[%emt 00:00:56]} 4. Nc3 {[%clk 01:32:12]} {[%emt 00:00:06]} d5
{[%clk 01:26:15]} {[%emt 00:04:14]} 5. exd5 {[%clk 01:32:28]} {[%emt 00:00:14]}
Nxd5 {[%clk 01:25:27]} {[%emt 00:01:18]} 6. Nxd5 {[%clk 01:32:52]} {[%emt
00:00:06]} Qxd5 {[%clk 01:25:44]} {[%emt 00:00:13]} 7. d4 {[%clk 01:33:19]}
{[%emt 00:00:03]} g5 {[%clk 01:22:47]} {[%emt 00:03:28]} 8. c4 {[%clk
01:31:08]} {[%emt 00:02:42]} Qe4+ {[%clk 01:12:54]} {[%emt 00:10:22]} 9. Kf2
{[%clk 01:31:27]} {[%emt 00:00:11]} Be7 {[%clk 00:55:07]} {[%emt 00:18:16]} 10.
Bd3 {[%clk 01:27:56]} {[%emt 00:04:02]} Qc6 {[%clk 00:55:24]} {[%emt 00:00:13]}
11. Re1 {[%clk 01:25:13]} {[%emt 00:03:13]} Bg4 {[%clk 00:54:49]} {[%emt
00:01:04]} 12. Be4 {[%clk 01:13:24]} {[%emt 00:12:20]} Qb6 {[%clk 00:51:01]}
{[%emt 00:04:16]} 13. c5 {[%clk 01:12:06]} {[%emt 00:01:50]} Qa6 {[%clk
00:50:51]} {[%emt 00:00:40]} 14. Qb3 {[%clk 01:09:45]} {[%emt 00:02:51]} Nc6
{[%clk 00:44:07]} {[%emt 00:07:14]} 15. Bd3 {[%clk 01:03:59]} {[%emt 00:06:16]}
Nxd4 {[%clk 00:41:08]} {[%emt 00:03:29]} 16. Qc3 {[%clk 00:48:46]} {[%emt
00:15:43]} Qf6 {[%clk 00:39:17]} {[%emt 00:02:20]} 17. Nxd4 {[%clk 00:46:37]}
{[%emt 00:02:38]} O-O-O {[%clk 00:39:08]} {[%emt 00:00:41]} 18. Bf5+ {[%clk
00:44:17]} {[%emt 00:02:50]} Bxf5 {[%clk 00:39:02]} {[%emt 00:00:36]} 19. Nxf5
{[%clk 00:44:41]} {[%emt 00:00:07]} Qxf5 {[%clk 00:38:40]} {[%emt 00:00:51]}
20. Rxe7 {[%clk 00:45:03]} {[%emt 00:00:07]} g4 {[%clk 00:37:53]} {[%emt
00:01:17]} 21. Re5 {[%clk 00:33:15]} {[%emt 00:12:19]} Qf6 {[%clk 00:37:12]}
{[%emt 00:01:11]} 22. Re4 {[%clk 00:29:30]} {[%emt 00:04:14]} Qh4+ {[%clk
00:36:38]} {[%emt 00:01:05]} 23. Kf1 {[%clk 00:28:51]} {[%emt 00:01:09]} Rd1+
{[%clk 00:31:49]} {[%emt 00:05:18]} 24. Re1 {[%clk 00:29:10]} {[%emt 00:00:11]}
Rxe1+ {[%clk 00:31:54]} {[%emt 00:00:26]} 25. Qxe1 {[%clk 00:29:34]} {[%emt
00:00:06]} Qxh2 {[%clk 00:32:05]} {[%emt 00:00:18]} 26. Qf2 {[%clk 00:27:01]}
{[%emt 00:03:03]} f3 {[%clk 00:29:13]} {[%emt 00:03:22]} 27. g3 {[%clk
00:18:35]} {[%emt 00:08:57]} Qh3+ {[%clk 00:27:29]} {[%emt 00:02:15]} 28. Kg1
{[%clk 00:18:40]} {[%emt 00:00:23]} Re8 {[%clk 00:27:37]} {[%emt 00:00:22]} 29.
Bg5 {[%clk 00:14:54]} {[%emt 00:04:16]} h6 {[%clk 00:15:18]} {[%emt 00:12:49]}
30. Bh4 {[%clk 00:14:17]} {[%emt 00:01:08]} Re2 {[%clk 00:14:56]} {[%emt
00:00:52]} 31. Rd1 {[%clk 00:14:18]} {[%emt 00:00:28]} f6 {[%clk 00:14:32]}
{[%emt 00:00:54]} 32. Bxf6 {[%clk 00:13:28]} {[%emt 00:01:21]} c6 {[%clk
00:14:38]} {[%emt 00:00:23]} 33. Rd8+ {[%clk 00:12:55]} {[%emt 00:01:04]} Kc7
{[%clk 00:15:01]} {[%emt 00:00:07]} 34. Rd7+ {[%clk 00:13:07]} {[%emt
00:00:17]} Kc8 {[%clk 00:15:12]} {[%emt 00:00:19]} 35. Rd8+ {[%clk 00:13:31]}
{[%emt 00:00:07]} Kc7 {[%clk 00:15:36]} {[%emt 00:00:05]} 36. Rd7+ {[%clk
00:13:54]} {[%emt 00:00:07]} Kxd7 {[%clk 00:16:01]} {[%emt 00:00:05]} 37. Qd4+
{[%clk 00:14:18]} {[%emt 00:00:07]} Ke6 {[%clk 00:14:21]} {[%emt 00:02:09]} 38.
Qd6+ {[%clk 00:12:04]} {[%emt 00:02:44]} Kf5 {[%clk 00:14:08]} {[%emt
00:00:43]} 39. Qd7+ {[%clk 00:10:53]} {[%emt 00:01:42]} Kxf6 {[%clk 00:12:48]}
{[%emt 00:01:49]} 40. Qd8+ {[%clk 00:09:08]} {[%emt 00:02:15]} Re7 {[%clk
00:12:07]} {[%emt 00:01:10]} 41. Qh8+ {[%clk 00:04:12]} {[%emt 00:05:27]} Ke6
{[%clk 00:11:42]} {[%emt 00:00:54]} 42. Qg8+ {[%clk 00:03:27]} {[%emt
00:01:16]} Kd7 {[%clk 00:11:55]} {[%emt 00:00:18]} 0-1

[Event "DVM U16 2023"]
[Site "Magdeburg GER"]
[Date "2023.12.29"]
[Round "5"]
[White "Bräutigam, Katerina"]
[Black "Kasapchuk, Oleksandr Jr."]
[Result "1-0"]
[Termination "normal"]
[Board "2.4"]
[WhiteElo "1845"]
[BlackElo "1773"]
[WhiteClock "00:15:51"]
[BlackClock "00:29:43"]
[WhiteTeam "SK Doppelbauer Kiel 1910"]
[BlackTeam "SF Brackel 1930"]
[PlyCount "87"]
[WhiteFideId "16242980"]
[BlackFideId "14197596"]
[EventCountry "GER"]
[EventRounds "7"]
[EventType "team-swiss"]
[EventDate "2023.12.26"]

1. d4 {[%clk 01:30:58]} {[%emt 00:00:01]} d5 {[%clk 01:30:51]} {[%emt
00:00:09]} 2. Bf4 {[%clk 01:31:23]} {[%emt 00:00:05]} Nf6 {[%clk 01:31:16]}
{[%emt 00:00:06]} 3. e3 {[%clk 01:31:44]} {[%emt 00:00:09]} c5 {[%clk
01:31:41]} {[%emt 00:00:05]} 4. c3 {[%clk 01:32:06]} {[%emt 00:00:08]} Nc6
{[%clk 01:32:07]} {[%emt 00:00:05]} 5. Nd2 {[%clk 01:32:08]} {[%emt 00:00:26]}
cxd4 {[%clk 01:31:08]} {[%emt 00:01:29]} 6. exd4 {[%clk 01:32:30]} {[%emt
00:00:08]} Bf5 {[%clk 01:30:34]} {[%emt 00:01:05]} 7. Qb3 {[%clk 01:32:41]}
{[%emt 00:00:18]} Qc8 {[%clk 01:30:59]} {[%emt 00:00:05]} 8. Ngf3 {[%clk
01:31:52]} {[%emt 00:01:19]} e6 {[%clk 01:31:17]} {[%emt 00:00:12]} 9. Nh4
{[%clk 01:31:04]} {[%emt 00:01:18]} Be4 {[%clk 01:31:27]} {[%emt 00:00:21]} 10.
Nxe4 {[%clk 01:31:04]} {[%emt 00:00:29]} dxe4 {[%clk 01:31:56]} {[%emt
00:00:02]} 11. g3 {[%clk 01:29:47]} {[%emt 00:01:46]} h6 {[%clk 01:30:53]}
{[%emt 00:01:33]} 12. Ng2 {[%clk 01:28:56]} {[%emt 00:01:22]} Nd5 {[%clk
01:30:34]} {[%emt 00:00:49]} 13. Bd2 {[%clk 01:23:48]} {[%emt 00:05:36]} Bd6
{[%clk 01:26:15]} {[%emt 00:04:51]} 14. Ne3 {[%clk 01:17:01]} {[%emt 00:07:16]}
Nxe3 {[%clk 01:26:02]} {[%emt 00:00:43]} 15. Bxe3 {[%clk 01:15:04]} {[%emt
00:02:27]} O-O {[%clk 01:18:45]} {[%emt 00:07:47]} 16. Bh3 {[%clk 00:52:19]}
{[%emt 00:23:15]} Na5 {[%clk 01:09:08]} {[%emt 00:10:07]} 17. Qc2 {[%clk
00:46:39]} {[%emt 00:06:09]} Qc6 {[%clk 01:08:29]} {[%emt 00:01:09]} 18. O-O
{[%clk 00:39:26]} {[%emt 00:07:44]} f5 {[%clk 01:04:07]} {[%emt 00:04:52]} 19.
Rad1 {[%clk 00:36:20]} {[%emt 00:03:35]} Qd5 {[%clk 00:53:18]} {[%emt
00:11:20]} 20. b3 {[%clk 00:28:58]} {[%emt 00:07:52]} b5 {[%clk 00:53:10]}
{[%emt 00:00:38]} 21. Bg2 {[%clk 00:27:28]} {[%emt 00:01:59]} Qb7 {[%clk
00:26:47]} {[%emt 00:26:54]} 22. f3 {[%clk 00:21:59]} {[%emt 00:05:58]} exf3
{[%clk 00:24:19]} {[%emt 00:02:59]} 23. Bxf3 {[%clk 00:21:09]} {[%emt
00:01:19]} Nc6 {[%clk 00:24:46]} {[%emt 00:00:05]} 24. d5 {[%clk 00:17:53]}
{[%emt 00:03:45]} Ne5 {[%clk 00:24:42]} {[%emt 00:00:35]} 25. Bg2 {[%clk
00:15:42]} {[%emt 00:02:40]} Ng4 {[%clk 00:19:52]} {[%emt 00:05:21]} 26. dxe6
{[%clk 00:13:46]} {[%emt 00:02:25]} Qc7 {[%clk 00:13:18]} {[%emt 00:07:05]} 27.
Bd4 {[%clk 00:09:43]} {[%emt 00:04:32]} Rad8 {[%clk 00:02:20]} {[%emt
00:11:29]} 28. Rxf5 {[%clk 00:05:08]} {[%emt 00:05:04]} Be5 {[%clk 00:02:00]}
{[%emt 00:00:50]} 29. Bxe5 {[%clk 00:02:02]} {[%emt 00:03:37]} Qc5+ {[%clk
00:01:19]} {[%emt 00:01:11]} 30. Rd4 {[%clk 00:01:11]} {[%emt 00:01:21]} Nxe5
{[%clk 00:00:42]} {[%emt 00:01:07]} 31. Rxf8+ {[%clk 00:01:14]} {[%emt
00:00:26]} Rxf8 {[%clk 00:01:06]} {[%emt 00:00:06]} 32. b4 {[%clk 00:00:53]}
{[%emt 00:00:52]} Qe7 {[%clk 00:00:51]} {[%emt 00:00:45]} 33. Qe2 {[%clk
00:00:47]} {[%emt 00:00:35]} Qg5 {[%clk 00:01:06]} {[%emt 00:00:15]} 34. Bd5
{[%clk 00:00:40]} {[%emt 00:00:37]} Kh8 {[%clk 00:01:04]} {[%emt 00:00:32]} 35.
Rd1 {[%clk 00:00:39]} {[%emt 00:00:31]} Ng4 {[%clk 00:01:13]} {[%emt 00:00:22]}
36. Bf3 {[%clk 00:00:36]} {[%emt 00:00:32]} Ne5 {[%clk 00:01:06]} {[%emt
00:00:36]} 37. Bg2 {[%clk 00:00:43]} {[%emt 00:00:24]} Nc4 {[%clk 00:01:20]}
{[%emt 00:00:17]} 38. e7 {[%clk 00:00:53]} {[%emt 00:00:20]} Re8 {[%clk
00:01:43]} {[%emt 00:00:07]} 39. Re1 {[%clk 00:00:46]} {[%emt 00:00:37]} Qf6
{[%clk 00:01:57]} {[%emt 00:00:16]} 40. Qe6 {[%clk 00:00:35]} {[%emt 00:00:40]}
Qxc3 {[%clk 00:00:59]} {[%emt 00:01:28]} 41. Bc6 {[%clk 00:26:17]} {[%emt
00:04:48]} Nd2 {[%clk 00:30:04]} {[%emt 00:01:25]} 42. Bxe8 {[%clk 00:19:02]}
{[%emt 00:07:45]} Nf3+ {[%clk 00:30:22]} {[%emt 00:00:12]} 43. Kf1 {[%clk
00:17:33]} {[%emt 00:01:58]} Nd2+ {[%clk 00:29:43]} {[%emt 00:01:10]} 44. Kg2
{[%clk 00:15:51]} {[%emt 00:02:11]} 1-0

[Event "DVM U16 2023"]
[Site "Magdeburg GER"]
[Date "2023.12.29"]
[Round "5"]
[White "Reus, Nicholas"]
[Black "Semling, Julius"]
[Result "1/2-1/2"]
[Termination "normal"]
[Board "3.1"]
[WhiteElo "1742"]
[BlackElo "2085"]
[WhiteClock "00:01:58"]
[BlackClock "00:00:32"]
[WhiteTeam "Stuttgarter SF 1879"]
[BlackTeam "OSG Baden-Baden"]
[PlyCount "132"]
[WhiteFideId "34612424"]
[BlackFideId "16290160"]
[EventCountry "GER"]
[EventRounds "7"]
[EventType "team-swiss"]
[EventDate "2023.12.26"]

1. c4 {[%clk 01:30:58]} {[%emt 00:00:01]} Nf6 {[%clk 01:30:58]} {[%emt
00:00:03]} 2. Nc3 {[%clk 01:31:23]} {[%emt 00:00:04]} c5 {[%clk 01:31:14]}
{[%emt 00:00:13]} 3. Nf3 {[%clk 01:31:37]} {[%emt 00:00:16]} d5 {[%clk
01:31:16]} {[%emt 00:00:29]} 4. cxd5 {[%clk 01:30:58]} {[%emt 00:01:08]} Nxd5
{[%clk 01:31:23]} {[%emt 00:00:24]} 5. g3 {[%clk 01:30:53]} {[%emt 00:00:35]}
Nc6 {[%clk 01:31:19]} {[%emt 00:00:34]} 6. Bg2 {[%clk 01:31:14]} {[%emt
00:00:09]} Nc7 {[%clk 01:31:13]} {[%emt 00:00:36]} 7. b3 {[%clk 01:30:47]}
{[%emt 00:00:57]} e5 {[%clk 01:29:18]} {[%emt 00:02:25]} 8. Bb2 {[%clk
01:30:08]} Be7 {[%clk 01:28:06]} {[%emt 00:02:48]} 9. O-O {[%clk 01:28:50]} O-O
{[%clk 01:26:37]} {[%emt 00:03:48]} 10. Rc1 {[%clk 01:25:15]} {[%emt 00:04:06]}
f6 {[%clk 01:22:36]} {[%emt 00:04:31]} 11. Qc2 {[%clk 01:24:07]} {[%emt
00:01:39]} Be6 {[%clk 01:18:29]} {[%emt 00:04:37]} 12. d3 {[%clk 01:18:58]}
{[%emt 00:05:39]} Rc8 {[%clk 01:14:50]} {[%emt 00:04:07]} 13. Rfd1 {[%clk
01:14:26]} {[%emt 00:05:03]} Qd7 {[%clk 01:12:50]} {[%emt 00:02:28]} 14. e3
{[%clk 01:11:55]} {[%emt 00:03:03]} Bg4 {[%clk 01:00:28]} {[%emt 00:12:49]} 15.
Ne2 {[%clk 01:02:46]} {[%emt 00:09:43]} Qf5 {[%clk 00:48:55]} {[%emt 00:12:01]}
16. d4 {[%clk 00:46:58]} {[%emt 00:16:20]} Qh5 {[%clk 00:38:44]} {[%emt
00:10:39]} 17. Qc4+ {[%clk 00:30:23]} {[%emt 00:17:06]} Kh8 {[%clk 00:35:06]}
{[%emt 00:04:09]} 18. d5 {[%clk 00:30:31]} {[%emt 00:00:22]} Bxf3 {[%clk
00:32:39]} {[%emt 00:02:57]} 19. Bxf3 {[%clk 00:30:24]} {[%emt 00:00:37]} Qxf3
{[%emt 00:00:07]} 20. dxc6 {[%clk 00:30:10]} {[%emt 00:00:39]} Qxc6 {[%clk
00:31:41]} {[%emt 00:01:55]} 21. Nc3 {[%clk 00:23:52]} {[%emt 00:06:48]} b6
{[%clk 00:27:32]} {[%emt 00:04:36]} 22. e4 {[%clk 00:20:05]} {[%emt 00:04:19]}
Rcd8 {[%clk 00:23:14]} {[%emt 00:04:48]} 23. Nd5 {[%clk 00:19:35]} {[%emt
00:01:01]} Nxd5 {[%clk 00:21:40]} {[%emt 00:02:04]} 24. Rxd5 {[%clk 00:19:02]}
{[%emt 00:01:03]} Rxd5 {[%clk 00:20:38]} {[%emt 00:01:33]} 25. exd5 {[%clk
00:19:23]} {[%emt 00:00:08]} Qd7 {[%clk 00:20:20]} {[%emt 00:00:43]} 26. a4
{[%clk 00:15:26]} {[%emt 00:04:31]} Bd6 {[%clk 00:19:45]} {[%emt 00:01:03]} 27.
Re1 {[%clk 00:14:09]} {[%emt 00:01:49]} Qc7 {[%clk 00:18:41]} {[%emt 00:01:30]}
28. f3 {[%clk 00:13:29]} {[%emt 00:01:15]} Qd7 {[%clk 00:18:04]} {[%emt
00:01:05]} 29. Ba3 {[%clk 00:06:22]} {[%emt 00:07:39]} Rb8 {[%clk 00:17:15]}
{[%emt 00:01:17]} 30. Rc1 {[%clk 00:05:27]} {[%emt 00:01:27]} Kg8 {[%clk
00:16:17]} {[%emt 00:01:28]} 31. Kf2 {[%clk 00:05:31]} {[%emt 00:00:26]} Kf8
{[%clk 00:14:43]} {[%emt 00:02:04]} 32. g4 {[%clk 00:04:40]} {[%emt 00:01:21]}
Kf7 {[%clk 00:12:57]} {[%emt 00:02:14]} 33. h4 {[%clk 00:04:41]} {[%emt
00:00:31]} g6 {[%clk 00:09:37]} {[%emt 00:03:50]} 34. Qc2 {[%clk 00:03:50]}
{[%emt 00:01:21]} Rc8 {[%clk 00:08:20]} {[%emt 00:01:47]} 35. h5 {[%clk
00:01:57]} {[%emt 00:02:24]} Kg7 {[%clk 00:07:05]} {[%emt 00:01:43]} 36. hxg6
{[%clk 00:02:01]} {[%emt 00:00:27]} hxg6 {[%clk 00:07:10]} {[%emt 00:00:25]}
37. Rh1 {[%clk 00:02:14]} {[%emt 00:00:17]} Qf7 {[%clk 00:06:50]} {[%emt
00:00:50]} 38. Qd2 {[%clk 00:01:08]} {[%emt 00:01:36]} Rh8 {[%clk 00:06:02]}
{[%emt 00:01:17]} 39. Rxh8 {[%clk 00:01:28]} {[%emt 00:00:10]} Kxh8 {[%clk
00:06:31]} {[%emt 00:00:02]} 40. Kg2 {[%clk 00:00:45]} {[%emt 00:01:13]} Kg7
{[%clk 00:05:53]} {[%emt 00:01:08]} 41. Bc1 {[%clk 00:26:08]} {[%emt 00:05:07]}
Kf8 {[%clk 00:32:10]} {[%emt 00:04:09]} 42. Qd3 {[%clk 00:26:22]} {[%emt
00:00:19]} f5 {[%clk 00:28:37]} {[%emt 00:04:03]} 43. Be3 {[%clk 00:22:15]}
{[%emt 00:04:37]} Qh7 {[%clk 00:26:35]} {[%emt 00:02:32]} 44. Qa6 {[%clk
00:14:48]} {[%emt 00:07:57]} Qd7 {[%clk 00:26:25]} {[%emt 00:00:39]} 45. a5
{[%clk 00:14:36]} {[%emt 00:00:44]} fxg4 {[%clk 00:18:12]} {[%emt 00:08:43]}
46. axb6 {[%clk 00:14:22]} {[%emt 00:00:43]} gxf3+ {[%clk 00:18:13]} {[%emt
00:00:30]} 47. Kxf3 {[%clk 00:14:42]} {[%emt 00:00:09]} axb6 {[%clk 00:13:28]}
{[%emt 00:05:15]} 48. Qxb6 {[%clk 00:14:32]} {[%emt 00:00:40]} Qh3+ {[%clk
00:13:34]} {[%emt 00:00:23]} 49. Ke2 {[%clk 00:10:25]} {[%emt 00:04:38]} Qg4+
{[%clk 00:09:02]} {[%emt 00:05:00]} 50. Kf2 {[%clk 00:08:53]} {[%emt 00:02:04]}
Qh4+ {[%clk 00:09:18]} {[%emt 00:00:14]} 51. Ke2 {[%clk 00:08:19]} {[%emt
00:01:03]} Qh2+ {[%clk 00:08:35]} {[%emt 00:01:14]} 52. Bf2 {[%clk 00:08:35]}
{[%emt 00:00:14]} Qh5+ {[%clk 00:08:33]} {[%emt 00:00:32]} 53. Kd2 {[%clk
00:07:44]} {[%emt 00:01:20]} Qg5+ {[%clk 00:08:41]} {[%emt 00:00:22]} 54. Ke2
{[%clk 00:07:24]} {[%emt 00:00:51]} Qg4+ {[%clk 00:08:29]} {[%emt 00:00:41]}
55. Ke3 {[%clk 00:03:18]} {[%emt 00:04:37]} Qf4+ {[%clk 00:05:08]} {[%emt
00:03:49]} 56. Ke2 {[%clk 00:03:11]} {[%emt 00:00:40]} Qe4+ {[%clk 00:04:29]}
{[%emt 00:01:07]} 57. Be3 {[%clk 00:02:51]} {[%emt 00:00:52]} Qg2+ {[%clk
00:03:45]} {[%emt 00:01:13]} 58. Bf2 {[%clk 00:03:05]} {[%emt 00:00:17]} Qxd5
{[%clk 00:02:55]} {[%emt 00:01:19]} 59. Qd8+ {[%clk 00:01:20]} {[%emt
00:02:14]} Kf7 {[%clk 00:02:35]} {[%emt 00:00:46]} 60. Qd7+ {[%clk 00:01:33]}
{[%emt 00:00:21]} Kg8 {[%clk 00:01:51]} {[%emt 00:01:13]} 61. Qd8+ {[%clk
00:01:43]} {[%emt 00:00:22]} Kg7 {[%clk 00:01:44]} {[%emt 00:00:29]} 62. Qd7+
{[%clk 00:02:02]} {[%emt 00:00:18]} Kh6 {[%clk 00:01:19]} {[%emt 00:00:53]} 63.
Qh3+ {[%clk 00:01:16]} {[%emt 00:01:20]} Kg7 {[%clk 00:00:46]} {[%emt
00:00:58]} 64. Qd7+ {[%clk 00:01:31]} {[%emt 00:00:19]} Kf8 {[%clk 00:00:35]}
{[%emt 00:00:40]} 65. Qd8+ {[%clk 00:01:36]} {[%emt 00:00:27]} Kf7 {[%clk
00:00:42]} {[%emt 00:00:23]} 66. Qd7+ {[%clk 00:01:58]} {[%emt 00:00:07]} Kf8
{[%clk 00:00:32]} {[%emt 00:00:40]} 1/2-1/2